<?xml version="1.0" encoding="UTF-8"?>
<collection xmlns="http://www.loc.gov/MARC21/slim">
 <record>
  <leader>00514nam a22001455a 4500</leader>
  <controlfield tag="001">EEA.libagro005403</controlfield>
  <controlfield tag="005">20180629113222.0</controlfield>
  <controlfield tag="008">130809s1992####ag#a##########000#0#spa#d</controlfield>
  <datafield tag="082" ind1="0" ind2="4">
   <subfield code="a">636.213</subfield>
  </datafield>
  <datafield tag="082" ind1="0" ind2="4">
   <subfield code="a">636.084</subfield>
  </datafield>
  <datafield tag="100" ind1="1" ind2=" ">
   <subfield code="a">Arzadún, Martín Juan.</subfield>
  </datafield>
  <datafield tag="245" ind1="1" ind2="0">
   <subfield code="a">Invernada en el Campo Experimental Coronel Suárez :</subfield>
   <subfield code="b">producción de carne en el ejercicio 1990-1991 /</subfield>
   <subfield code="c">Martín Juan Arzadún.</subfield>
  </datafield>
  <datafield tag="260" ind1=" " ind2=" ">
   <subfield code="a">Coronel Suárez,</subfield>
   <subfield code="c">1992.</subfield>
  </datafield>
  <datafield tag="300" ind1=" " ind2=" ">
   <subfield code="a">8 p. :</subfield>
   <subfield code="b">il. ;</subfield>
   <subfield code="c">28 cm.</subfield>
  </datafield>
  <datafield tag="859" ind1=" " ind2=" ">
   <subfield code="a">AR-BbBCA</subfield>
   <subfield code="b">BIB. AGRONOMIA</subfield>
   <subfield code="h">636.213</subfield>
   <subfield code="i">A797</subfield>
   <subfield code="p">1996/2717</subfield>
  </datafield>
 </record>
</collection>
